02408nas a2200445 a 45000010008000000030006000080050017000140060019000310070015000500080041000650100017001060220028001230350016001510370084001670400018002510410012002690420014002810430012002950500016003070500016003230820012003391300039003512220028003902450020004182600031004382600038004692600058005073210011005653620046005765000043006225060060006655200820007256500069015456500023016146510053016376510024016906550043017147580105017577760100018626818744CaAEU20260305134633.0m o d cr un|||||||||050822c19259999nyuwn pso r 0 a0eng  a 20112017800 a2163-3827y0028-792X21 aocm61311198 aB4E509BD-287D-420B-A493-83D2BD3952F9bOverDrive, Inc.nhttp://www.overdrive.com bengdAEUctbs aEnglish apccansdp an-us-ny 4aAP2b.N676310aISSN RECORD04a0512230 aNew Yorker (New York, N.Y. : 1925) 4aThe New Yorkerb(Print)14aThe New Yorker. aNew York :bF-R Pub. Corp.2 3<2003-> :a[New York] :bD. Carey3 3 :a[New York] :bConde Nast Publications aWeekly1 aPrint began with issue for Feb. 21, 1925. aSome issues bear also thematic titles. aAccess restricted to authorized users and institutions. aThe New Yorker is an American magazine known for its high-quality journalism, thoughtful essays, short stories, cultural criticism and distinctive cartoons. Founded in 1925, it has built a reputation for long-form reporting and carefully edited writing that often explores politics, society, literature, and the arts in depth. Although it focuses largely on life in the United States—particularly New York City—its coverage frequently looks outward, offering international reporting and commentary on global issues. The magazine is also famous for its elegant illustrated covers and its dry, witty cartoons, which have become one of its most recognisable features. Today, The New Yorker is published weekly in print and online, and remains one of the most influential magazines in English-language journalism. 0aLiterature - Collections Periodicals.vCollectionsvPeriodicals. 0aIntellectual life. 0aNew York (N.Y.)xIntellectual lifevDirectories. 0aNew York City (USA) 7aCollections.2fast0(OCoLC)fst01424032 aNew Yorker4http://id.loc.gov/ontologies/bibframe/instanceOf1http://www.wikidata.org/entity/Q21730508iPrint version:tNew Yorker (New York, N.Y. : 1925)x0028-792Xw(DLC) 28005329w(OCoLC)1760231